000 00545nam a22002297a 4500
003 UA-OsUOA
001 30248
007 ta
008 20041108b un ||||| |||| 00| 0 ukr d
090 _a91
_bР43
942 _cBK
040 _aUA-OsUOA
_brus
_cUA-OsUOA
_dUA-OsUOA
245 _aРеспублика Куба. Остров Хувентуд
_cРед. В.В.Вольский
300 _a248 с.
955 _a0
041 _arus
080 _a91
260 _aМосква
_c1989
044 _aRU
650 7 _2UDC
999 _c316656
_d316656